000 00451nam a22001817a 4500
005 20250630100719.0
008 250630b |||||||| |||| 00| 0 eng d
020 _a9780060545574
_qpbk
041 _aeng
082 _a823.92 PYE
100 _aPye Frances
245 _aSharing Sean
_c/ Frances Pye
250 _a1st ed
260 _aNew York
_bHarper Perennial
_c2004
300 _a465p. :
_c22cm
650 _aEnglish Fiction
942 _cENGLISH
999 _c574284
_d574284